[Event "3rd Cairns Cup 2023"]
[Site "Saint Louis USA"]
[Date "2023.06.03"]
[Round "1.1"]
[White "Kosteniuk, Alexandra"]
[Black "Koneru, Humpy"]
[Result "1-0"]
[WhiteTitle "GM"]
[BlackTitle "GM"]
[WhiteElo "2523"]
[BlackElo "2567"]
[WhiteFideId "4128125"]
[BlackFideId "5008123"]
[EventDate "2023.06.03"]

1. e4 e5 2. Nf3 Nc6 3. Bc4 Nf6 4. d3 d5 5. exd5 Nxd5 6. O-O Be7 7. Re1 f6 8. d4
Nb6 9. Bb3 Nxd4 10. Nxd4 Qxd4 11. Qxd4 exd4 12. Bf4 Bf5 13. Bxc7 Kd7 14. Nd2 Bc5
15. Bxb6 axb6 16. Ne4 Rhe8 17. Ng3 Bg6 18. h4 Re5 19. h5 Be8 20. h6 gxh6 21. Ne4
Bg6 22. Nxf6+ Kd6 23. Rad1 h5 24. g3 Rd8 25. Kg2 Rf5 26. Ne4+ Kc7 27. f4 Be7 28.
c3 dxc3 29. Nxc3 Rxd1 30. Rxd1 Bc5 31. Nb5+ Kc6 32. Na7+ Kc7 33. Nb5+ Kc6 34.
Ba4 Rf8 35. Nd4+ Kd5 36. Bb3+ Ke4 37. Ne6 Rc8 38. Bc2+ Ke3 39. f5 Be7 40. Rd3+
Ke2 41. Nd4+ 1-0

[Event "3rd Cairns Cup 2023"]
[Site "Saint Louis USA"]
[Date "2023.06.03"]
[Round "1.2"]
[White "Dronavalli, Harika"]
[Black "Paehtz, Elisabeth"]
[Result "1-0"]
[WhiteTitle "GM"]
[BlackTitle "GM"]
[WhiteElo "2510"]
[BlackElo "2477"]
[WhiteFideId "5015197"]
[BlackFideId "4641833"]
[EventDate "2023.06.03"]

1. d4 Nf6 2. c4 g6 3. Nc3 Bg7 4. e4 d6 5. Be2 O-O 6. Be3 a6 7. Nf3 Ng4 8. Bg5 h6
9. Bh4 c6 10. O-O b5 11. Rc1 Ra7 12. a3 Nf6 13. Nd2 Ne8 14. d5 bxc4 15. Nxc4 Nf6
16. b4 cxd5 17. exd5 Rc7 18. Re1 g5 19. Bg3 Nh5 20. Ne4 Nxg3 21. Nxg3 e6 22. Ne3
Rxc1 23. Qxc1 Nd7 24. Nh5 Ne5 25. Nxg7 Kxg7 26. Qc3 Qf6 27. Qc7 exd5 28. Nxd5
Qe6 29. Rd1 Bd7 30. Nb6 Bb5 31. Bxb5 axb5 32. Qxd6 Qxd6 33. Rxd6 Rb8 34. h3 h5
35. Rd5 Rxb6 36. Rxe5 Kf6 37. Rc5 h4 38. Kf1 Ra6 39. Rc3 Re6 40. Rf3+ Kg6 41.
Rc3 f6 42. Rc5 Ra6 43. Rc3 Re6 44. g4 hxg3 45. Rxg3 Kf5 46. Rf3+ Kg6 47. Rc3 Re7
48. Kg2 Re1 49. Kg3 Rg1+ 50. Kf3 Re1 51. Re3 Rf1 52. Ke2 Ra1 53. Rd3 Kf5 54. Kf3
Ra2 55. Re3 Ra1 56. Rc3 Ra2 57. Kg3 Ra1 58. Rf3+ Kg6 59. h4 gxh4+ 60. Kxh4 Rc1
61. Kg3 Kg5 62. Rd3 Ra1 63. Kf3 Ra2 64. Ke3 Kf5 65. Rc3 Ke5 66. Rc5+ Ke6 67.
Rxb5 Rxa3+ 68. Ke4 Rb3 69. Rb6+ Kf7 70. f4 Kg6 71. Rb8 Rb1 72. Rb5 Re1+ 73. Kd4
Rd1+ 74. Kc4 Rf1 75. f5+ Kg5 76. Rd5 Kf4 77. Kc5 Rc1+ 78. Kd6 Ke4 79. b5 Rc8 80.
Rc5 1-0

[Event "3rd Cairns Cup 2023"]
[Site "Saint Louis USA"]
[Date "2023.06.03"]
[Round "1.3"]
[White "Mammadzada, Gunay"]
[Black "Khotenashvili, Bella"]
[Result "1-0"]
[WhiteTitle "IM"]
[BlackTitle "GM"]
[WhiteElo "2456"]
[BlackElo "2470"]
[WhiteFideId "13403729"]
[BlackFideId "13602640"]
[EventDate "2023.06.03"]

1. Nf3 Nf6 2. c4 c5 3. Nc3 Nc6 4. d4 cxd4 5. Nxd4 g6 6. e4 Bg7 7. Be3 O-O 8. Be2
d6 9. O-O Ng4 10. Bxg4 Bxg4 11. Nxc6 Bxd1 12. Nxd8 Bg4 13. Nxb7 Rfb8 14. Na5
Rxb2 15. Rfc1 Rc8 16. Nb5 a6 17. Nd4 Bd7 18. h3 f5 19. exf5 gxf5 20. f4 Kf7 21.
Rcb1 Rcb8 22. Nab3 Bxd4 23. Bxd4 Re2 24. Bf2 Rb4 25. Rc1 Ra4 26. a3 Rb2 27. Nd4
Rd2 28. Rc3 Rb2 29. Re1 1-0

[Event "3rd Cairns Cup 2023"]
[Site "Saint Louis USA"]
[Date "2023.06.03"]
[Round "1.4"]
[White "Zatonskih, Anna"]
[Black "Dzagnidze, Nana"]
[Result "1/2-1/2"]
[WhiteTitle "IM"]
[BlackTitle "GM"]
[WhiteElo "2327"]
[BlackElo "2510"]
[WhiteFideId "14101572"]
[BlackFideId "13601903"]
[EventDate "2023.06.03"]

1. d4 d5 2. c4 e6 3. Nc3 Nf6 4. Bg5 Nbd7 5. cxd5 exd5 6. e3 c6 7. Bd3 Bd6 8.
Nge2 O-O 9. Qc2 h6 10. Bf4 Nb6 11. h3 Re8 12. O-O-O Bxf4 13. Nxf4 Qe7 14. Kb1
Bd7 15. Rc1 Rac8 16. Nfe2 c5 17. dxc5 Rxc5 18. Rhd1 Rec8 19. Qd2 Nc4 20. Bxc4
dxc4 21. Nf4 b5 22. Ncd5 Nxd5 23. Nxd5 Bf5+ 24. Ka1 Qb7 25. f3 Be6 26. Nf4 R5c6
27. Qd4 a5 28. Rd2 Qe7 29. e4 a4 30. Nxe6 Rxe6 31. Qd7 Rc5 32. Qxe7 Rxe7 33. a3
f5 34. exf5 Rxf5 35. Kb1 Kf7 36. Rcd1 h5 37. Kc2 h4 38. Rd4 g5 39. R1d2 Kf6 40.
Rd6+ Ke5 41. R2d4 Re6 42. Rd8 Kf6 43. Rf8+ Kg6 44. Rg8+ Kf7 45. Rdd8 Ke7 46.
Rde8+ Kd6 47. Rxe6+ Kxe6 48. Re8+ Kf6 49. Re4 Re5 50. Rg4 Re2+ 51. Kc1 Kf5 52.
Kb1 Rf2 53. Kc1 Re2 54. Kb1 Rd2 55. Kc1 Rd3 56. Kc2 Re3 57. Kd2 Rb3 58. Kc2 Rd3
59. Re4 Rd5 60. Rg4 Rd6 61. Kc3 Rd3+ 62. Kc2 Re3 63. Kd2 Rb3 64. Kc2 Re3 65. Kd2 1/2-1/2

[Event "3rd Cairns Cup 2023"]
[Site "Saint Louis USA"]
[Date "2023.06.04"]
[Round "2.1"]
[White "Paehtz, Elisabeth"]
[Black "Mammadzada, Gunay"]
[Result "1-0"]
[WhiteTitle "GM"]
[BlackTitle "IM"]
[WhiteElo "2477"]
[BlackElo "2456"]
[WhiteFideId "4641833"]
[BlackFideId "13403729"]
[EventDate "2023.06.03"]

1. e4 c5 2. Nf3 d6 3. d4 cxd4 4. Nxd4 Nf6 5. Nc3 a6 6. Bg5 e6 7. f4 Nbd7 8. Qe2
Qc7 9. O-O-O b5 10. a3 Rb8 11. g4 Be7 12. Bg2 Bb7 13. f5 e5 14. Bxf6 gxf6 15.
Nb3 Nb6 16. h4 Rc8 17. Kb1 Rg8 18. Rd3 h6 19. Bf3 Nc4 20. Nd2 Nb6 21. Rc1 h5 22.
g5 fxg5 23. Bxh5 Bf6 24. Rg1 Ke7 25. hxg5 Rxg5 26. Rxg5 Bxg5 27. Bxf7 Rh8 28.
Be6 Bc8 29. Qg2 Bf6 30. Nd5+ Nxd5 31. Bxd5 Bb7 32. Bb3 Bc6 33. Rg3 Kd8 34. Ka2
Be8 35. Nb1 Bc6 36. Nc3 Kc8 37. Bd5 Kb8 38. Bxc6 Qxc6 39. Nd5 Bd8 40. Nb4 Qc4+
41. b3 Qc8 42. Qd2 a5 43. Qxd6+ 1-0

[Event "3rd Cairns Cup 2023"]
[Site "Saint Louis USA"]
[Date "2023.06.04"]
[Round "2.2"]
[White "Khotenashvili, Bella"]
[Black "Zatonskih, Anna"]
[Result "0-1"]
[WhiteTitle "GM"]
[BlackTitle "IM"]
[WhiteElo "2470"]
[BlackElo "2327"]
[WhiteFideId "13602640"]
[BlackFideId "14101572"]
[EventDate "2023.06.03"]

1. Nf3 d5 2. g3 Nf6 3. Bg2 e6 4. O-O Be7 5. d3 O-O 6. Nbd2 Nc6 7. e4 dxe4 8.
dxe4 e5 9. c3 a5 10. Qc2 Be6 11. Ng5 Bd7 12. Nc4 Bc5 13. Ne3 h6 14. Nf3 Re8 15.
Bd2 Qc8 16. Nd5 Nxd5 17. exd5 Nb8 18. Rfe1 Bf5 19. Qa4 Nd7 20. Nh4 Nf6 21. Qb5
Bb6 22. Nxf5 Qxf5 23. Be3 Bxe3 24. Rxe3 e4 25. c4 Ng4 26. Re2 Nxh2 27. d6 Nf3+
28. Bxf3 Qxf3 29. Re3 Qg4 30. dxc7 Rac8 31. Rae1 Re7 32. Qd5 Rcxc7 33. Rxe4 Rxe4
34. Rxe4 Qc8 35. Qb5 Kh7 36. Re8 Qg4 37. c5 Qd1+ 38. Kh2 Qc2 39. Re2 Rxc5 40.
Rxc2 Rxb5 41. b3 Kg6 42. Kg2 Re5 43. Rc7 b6 44. Rc6+ Re6 45. Rc4 f6 46. a4 Kf5
47. b4 Re4 48. Rc7 Rxb4 49. Rxg7 Rxa4 50. Kh3 h5 51. Rh7 Kg6 52. Rh8 b5 53. Rg8+
Kf7 54. Rb8 Rb4 55. f4 a4 56. Ra8 Kg6 57. Ra5 Rb3 58. Kh4 a3 59. g4 hxg4 60.
Kxg4 f5+ 61. Kh4 b4 62. Ra6+ Kf7 63. Kg5 Rb2 64. Kxf5 a2 65. Ra7+ Ke8 66. Ke6
Re2+ 67. Kd5 b3 68. Kc4 Re1 0-1

[Event "3rd Cairns Cup 2023"]
[Site "Saint Louis USA"]
[Date "2023.06.04"]
[Round "2.4"]
[White "Kosteniuk, Alexandra"]
[Black "Dronavalli, Harika"]
[Result "1-0"]
[WhiteTitle "GM"]
[BlackTitle "GM"]
[WhiteElo "2523"]
[BlackElo "2510"]
[WhiteFideId "4128125"]
[BlackFideId "5015197"]
[EventDate "2023.06.03"]

1. e4 c5 2. Nf3 e6 3. d4 cxd4 4. Nxd4 Nc6 5. Nc3 Nf6 6. Nxc6 bxc6 7. e5 Nd5 8.
Ne4 Bb7 9. Be2 c5 10. O-O Qc7 11. c4 Ne3 12. Nd6+ Bxd6 13. exd6 Qc6 14. Bf3 Nxd1
15. Bxc6 Bxc6 16. Rxd1 O-O 17. Be3 Rfc8 18. Rd2 Bb7 19. Rc1 a5 20. Rc3 a4 21.
Ra3 f6 22. f3 Kf7 23. Kf2 e5 24. f4 Ke6 25. g4 g6 26. fxe5 fxe5 27. Bh6 Rc6 28.
Rad3 Rb6 29. Ke1 Rb4 30. Rc3 Rb6 31. Re3 e4 32. Rh3 Ba6 33. Re3 Bb7 34. Rh3 Ba6
35. b3 axb3 36. axb3 Rxd6 37. Rxd6+ Kxd6 38. Bf4+ Kc6 39. Rxh7 Rf8 40. Bg3 Rf3
41. Rg7 Rxb3 42. Rxg6+ Kb7 43. Rxa6 Kxa6 44. g5 d5 45. cxd5 Re3+ 46. Kf2 Rd3 47.
g6 Rxd5 48. g7 Rg5 49. Be5 Kb5 50. Ke3 Kc6 51. h4 Rg4 52. Bf6 Rg6 53. h5 Rg4 54.
h6 1-0

[Event "3rd Cairns Cup 2023"]
[Site "Saint Louis USA"]
[Date "2023.06.04"]
[Round "2.5"]
[White "Dzagnidze, Nana"]
[Black "Abdumalik, Zhansaya"]
[Result "1-0"]
[WhiteTitle "GM"]
[BlackTitle "GM"]
[WhiteElo "2510"]
[BlackElo "2497"]
[WhiteFideId "13601903"]
[BlackFideId "13703544"]
[EventDate "2023.06.03"]

1. Nf3 Nf6 2. c4 e6 3. b3 d5 4. Bb2 c5 5. cxd5 exd5 6. g3 Nc6 7. Bg2 d4 8. O-O
Be7 9. e3 O-O 10. Na3 Bf5 11. Nc4 Nb4 12. Nce5 Bc2 13. Qc1 Be4 14. d3 Bxd3 15.
Rd1 Be2 16. Rd2 Ba6 17. exd4 cxd4 18. Nxd4 Rc8 19. Qd1 Qb6 20. Nf5 Rfe8 21.
Nxe7+ Rxe7 22. Rd6 Qa5 23. Rxf6 Rxe5 24. Bxe5 Qxe5 25. Rf4 Nd3 26. Rf3 h5 27.
Bf1 Nb2 28. Qd7 Rc7 29. Qd8+ Kh7 30. Bxa6 bxa6 31. Re3 Qc5 32. Rae1 Rc8 33. Qd2
Qc2 34. Qxc2+ Rxc2 35. R3e2 1-0

[Event "3rd Cairns Cup 2023"]
[Site "Saint Louis USA"]
[Date "2023.06.05"]
[Round "3.1"]
[White "Abdumalik, Zhansaya"]
[Black "Khotenashvili, Bella"]
[Result "0-1"]
[WhiteTitle "GM"]
[BlackTitle "GM"]
[WhiteElo "2497"]
[BlackElo "2470"]
[WhiteFideId "13703544"]
[BlackFideId "13602640"]
[EventDate "2023.06.03"]

1. e4 e5 2. Nf3 Nc6 3. Bc4 Nf6 4. d3 Be7 5. Nc3 d6 6. a3 Bg4 7. h3 Bxf3 8. Qxf3
Nd4 9. Qd1 c6 10. Ba2 O-O 11. O-O Ne6 12. Ne2 d5 13. Ng3 dxe4 14. dxe4 Qxd1 15.
Rxd1 Rfd8 16. Be3 Bc5 17. Bxe6 Bxe3 18. Bxf7+ Kxf7 19. fxe3 Ke6 20. Rd3 Rxd3 21.
cxd3 Rd8 22. Rd1 c5 23. Kf2 c4 24. d4 g6 25. Ke2 b5 26. Rd2 Rc8 27. Rc2 h5 28.
h4 Ng4 29. Rc1 Rd8 30. Rd1 Nf6 31. Rd2 a5 32. Rd1 Rd7 33. Rd2 Rd8 34. Rd1 Rd7
35. Rd2 Ng4 36. Rd1 Rd8 37. Nh1 Rf8 38. dxe5 Nxe5 39. Nf2 b4 40. Rd5 Rb8 41. Nd1
Rc8 42. Kd2 Rc6 43. Kc2 Rd6 44. Rxa5 b3+ 45. Kc1 Nd3+ 46. Kb1 Ne1 47. Nc3 Rd2
48. Ra6+ Ke5 49. Ra5+ Kf6 50. Ra6+ Kg7 51. Kc1 Rc2+ 52. Kd1 Nxg2 53. e5 Nxe3+
54. Ke1 Rxb2 55. Ra7+ Kh6 56. e6 Nf5 57. e7 Nxe7 58. Rxe7 Rc2 59. Nd1 c3 60.
Nxc3 Rxc3 61. Rb7 Rc4 62. Rxb3 Rxh4 63. Kf2 Rc4 64. Kf3 Ra4 65. Kg2 Kg5 66. Kh3
Kf4 67. Kh4 Kf5+ 68. Kh3 g5 69. Rb5+ Kf4 70. Rb3 h4 71. Rc3 Re4 72. Kg2 g4 73.
Rc2 h3+ 74. Kh2 Kf3 75. Rc1 Re2+ 76. Kh1 g3 77. Kg1 Rg2+ 78. Kh1 Rd2 79. Kg1 h2+
80. Kh1 Kf2 81. a4 Re2 82. a5 Re1+ 83. Rxe1 Kxe1 0-1

[Event "3rd Cairns Cup 2023"]
[Site "Saint Louis USA"]
[Date "2023.06.05"]
[Round "3.3"]
[White "Zatonskih, Anna"]
[Black "Paehtz, Elisabeth"]
[Result "1/2-1/2"]
[WhiteTitle "IM"]
[BlackTitle "GM"]
[WhiteElo "2327"]
[BlackElo "2477"]
[WhiteFideId "14101572"]
[BlackFideId "4641833"]
[EventDate "2023.06.03"]

1. d4 Nf6 2. c4 e6 3. Nc3 Bb4 4. Qc2 d5 5. a3 Bxc3+ 6. Qxc3 c5 7. cxd5 cxd4 8.
Qxd4 Nc6 9. Qd1 exd5 10. Nf3 Ne4 11. e3 Qa5+ 12. Nd2 O-O 13. Be2 d4 14. exd4
Nxd4 15. O-O Nf6 16. Nb3 Nxe2+ 17. Qxe2 Qd5 18. Qd1 Qc4 19. Bg5 Be6 20. Bxf6
Qxb3 21. Qxb3 Bxb3 22. Bc3 f6 23. Rfe1 Rfe8 24. f3 Kf7 25. Kf2 Rxe1 26. Rxe1 Re8
27. Rxe8 Kxe8 28. Ke3 Kd7 29. h4 h5 30. g4 hxg4 31. fxg4 Ke6 32. Kf4 Bd1 33. Bd4
a6 34. Bc3 Be2 35. Bd4 Bd1 36. Bc3 Be2 37. Bd4 Bd1 38. Bc3 1/2-1/2

[Event "3rd Cairns Cup 2023"]
[Site "Saint Louis USA"]
[Date "2023.06.05"]
[Round "3.4"]
[White "Mammadzada, Gunay"]
[Black "Kosteniuk, Alexandra"]
[Result "1/2-1/2"]
[WhiteTitle "IM"]
[BlackTitle "GM"]
[WhiteElo "2456"]
[BlackElo "2523"]
[WhiteFideId "13403729"]
[BlackFideId "4128125"]
[EventDate "2023.06.03"]

1. e4 e5 2. Nf3 Nc6 3. Bb5 a6 4. Ba4 Nf6 5. O-O Be7 6. Re1 b5 7. Bb3 O-O 8. c3
d5 9. exd5 Nxd5 10. Nxe5 Nxe5 11. Rxe5 c6 12. d3 Bd6 13. Re1 Bf5 14. Qf3 Re8 15.
Rxe8+ Qxe8 16. Nd2 Qe1+ 17. Nf1 Bg6 18. g3 b4 19. Ba4 bxc3 20. Bxc6 Nb4 21. Bxa8
Bxd3 22. Qg2 c2 23. a3 Na2 24. Rxa2 Qxc1 25. b4 Qb1 26. Rxc2 Qxc2 27. Qc6 Qb1
28. Qe8+ Bf8 29. Bg2 Bb5 30. Qd8 Qa1 31. Qc7 g6 32. h3 Qd1 33. Qc3 h5 34. Qf3
Qa1 35. g4 h4 36. Qe3 Bg7 37. Qf4 Be5 38. Qg5 Bf6 39. Qf4 Be5 40. Qg5 Bc3 41.
Qh6 Bf6 42. Qf4 Kg7 43. g5 Be5 44. Qxh4 Qxa3 45. Bd5 Qd3 46. Ne3 Bd6 47. Kg2 Kg8
48. Qg4 Qc3 49. Qe4 Kf8 50. Nc2 Qd3 51. Qxd3 Bxd3 52. Bb3 Bxc2 53. Bxc2 Bxb4 54.
f4 Bd2 55. Kf3 Kg7 56. Kg4 f6 57. gxf6+ Kxf6 58. h4 Bc1 59. f5 gxf5+ 60. Bxf5
Bd2 61. Bd7 a5 62. Ba4 Bc1 63. Bd7 Bd2 64. Ba4 Bc1 65. Bd7 Bd2 1/2-1/2

[Event "3rd Cairns Cup 2023"]
[Site "Saint Louis USA"]
[Date "2023.06.05"]
[Round "3.5"]
[White "Dronavalli, Harika"]
[Black "Koneru, Humpy"]
[Result "1/2-1/2"]
[WhiteTitle "GM"]
[BlackTitle "GM"]
[WhiteElo "2510"]
[BlackElo "2567"]
[WhiteFideId "5015197"]
[BlackFideId "5008123"]
[EventDate "2023.06.03"]

1. e4 e5 2. Nf3 Nc6 3. d4 exd4 4. Nxd4 Nf6 5. Nc3 Bb4 6. Nxc6 bxc6 7. Bd3 d5 8.
Bd2 O-O 9. O-O Bxc3 10. Bxc3 dxe4 11. Bxf6 Qxf6 12. Bxe4 Qxb2 13. Bxc6 Rb8 14.
Rb1 Qxb1 15. Qxb1 Rxb1 16. Rxb1 Rd8 17. Bf3 Kf8 18. Rb8 Re8 19. h4 Ba6 20. Rb3
Be2 21. Bxe2 Rxe2 22. Rc3 Re4 23. Rxc7 Ra4 24. c4 Rxa2 25. c5 Rc2 26. Rxa7 Rxc5
27. g3 h5 28. Ra8+ Ke7 29. Ra7+ Kf8 30. Ra8+ Ke7 31. Ra7+ Kf8 32. Ra8+ 1/2-1/2

[Event "3rd Cairns Cup 2023"]
[Site "Saint Louis USA"]
[Date "2023.06.06"]
[Round "4.1"]
[White "Koneru, Humpy"]
[Black "Dzagnidze, Nana"]
[Result "0-1"]
[WhiteTitle "GM"]
[BlackTitle "GM"]
[WhiteElo "2567"]
[BlackElo "2510"]
[WhiteFideId "5008123"]
[BlackFideId "13601903"]
[EventDate "2023.06.03"]

1. d4 Nf6 2. c4 e6 3. Nf3 d5 4. Nc3 a6 5. cxd5 exd5 6. Bg5 Be6 7. e3 Nbd7 8. Bd3
Bd6 9. Bf4 Bxf4 10. exf4 Bg4 11. Qe2+ Kf8 12. h3 Bxf3 13. Qxf3 Qe7+ 14. Be2 c6
15. O-O-O Ne4 16. Rhe1 Nxc3 17. Qxc3 Qd6 18. Bg4 Nf6 19. Re5 g6 20. Bf3 Kg7 21.
Qe3 Rac8 22. Kb1 h6 23. g4 Nd7 24. Re7 Rc7 25. Re1 Rhc8 26. g5 hxg5 27. Bg4 Rd8
28. f5 Nf6 29. Re5 c5 30. fxg6 Nxg4 31. hxg4 cxd4 32. Qd2 f6 33. Re6 Qf4 34.
Re7+ Rxe7 35. Rxe7+ Kg8 36. Qe1 Qd6 37. Re6 Qd7 38. f3 d3 39. Qe3 Qc8 40. Rd6 0-1

[Event "3rd Cairns Cup 2023"]
[Site "Saint Louis USA"]
[Date "2023.06.06"]
[Round "4.2"]
[White "Dronavalli, Harika"]
[Black "Mammadzada, Gunay"]
[Result "1/2-1/2"]
[WhiteTitle "GM"]
[BlackTitle "IM"]
[WhiteElo "2510"]
[BlackElo "2456"]
[WhiteFideId "5015197"]
[BlackFideId "13403729"]
[EventDate "2023.06.03"]

1. d4 d5 2. c4 c6 3. Nf3 Nf6 4. Nc3 dxc4 5. a4 Bf5 6. e3 e6 7. Bxc4 Bb4 8. O-O
O-O 9. Qe2 Bg6 10. Ne5 Nbd7 11. Nxg6 hxg6 12. Rd1 Qc7 13. e4 e5 14. d5 Bxc3 15.
d6 Qa5 16. bxc3 Qxc3 17. Rb1 Qa5 18. Rxb7 Qxa4 19. f3 Rab8 20. Bb3 Qa5 21. Bd2
Qa3 22. Bc1 Qc5+ 23. Be3 Qc3 24. Rxb8 Rxb8 25. Rd3 Qa1+ 26. Qd1 Qxd1+ 27. Bxd1
Rb4 28. Kf1 c5 29. Ra3 Rb1 30. Ke2 Rb2+ 31. Kf1 Rb1 32. Ke2 Rb2+ 33. Kf1 Rb1 34.
Ke2 Rb2+ 1/2-1/2

[Event "3rd Cairns Cup 2023"]
[Site "Saint Louis USA"]
[Date "2023.06.06"]
[Round "4.4"]
[White "Paehtz, Elisabeth"]
[Black "Abdumalik, Zhansaya"]
[Result "1/2-1/2"]
[WhiteTitle "GM"]
[BlackTitle "GM"]
[WhiteElo "2477"]
[BlackElo "2497"]
[WhiteFideId "4641833"]
[BlackFideId "13703544"]
[EventDate "2023.06.03"]

1. d4 Nf6 2. c4 g6 3. Nc3 d5 4. cxd5 Nxd5 5. e4 Nxc3 6. bxc3 Bg7 7. Be3 c5 8.
Nf3 Qa5 9. Qd2 O-O 10. Rc1 Nd7 11. Bd3 e5 12. d5 f5 13. Qe2 fxe4 14. Bxe4 Nf6
15. d6 Kh8 16. Bg5 Nxe4 17. Qxe4 Qa6 18. Qd5 Bd7 19. Nxe5 Rf5 20. Nf7+ Rxf7 21.
Qxf7 Re8+ 22. Be3 Qd3 23. Qxd7 Rxe3+ 24. fxe3 Qxe3+ 25. Kd1 Qd3+ 26. Ke1 Qe3+
27. Kd1 Qd3+ 28. Ke1 Qe3+ 29. Kd1 Qd3+ 1/2-1/2

[Event "3rd Cairns Cup 2023"]
[Site "Saint Louis USA"]
[Date "2023.06.06"]
[Round "4.5"]
[White "Kosteniuk, Alexandra"]
[Black "Zatonskih, Anna"]
[Result "0-1"]
[WhiteTitle "GM"]
[BlackTitle "IM"]
[WhiteElo "2523"]
[BlackElo "2327"]
[WhiteFideId "4128125"]
[BlackFideId "14101572"]
[EventDate "2023.06.03"]

1. e4 e6 2. d4 d5 3. e5 c5 4. c3 Nc6 5. Nf3 Qb6 6. Na3 cxd4 7. cxd4 Bd7 8. Be2
Bb4+ 9. Kf1 Bxa3 10. bxa3 Na5 11. Qd3 Ba4 12. Bd2 Nc4 13. Rb1 Qc6 14. Qc3 Ne7
15. Qb4 Rc8 16. Bg5 Rc7 17. Bd1 Bxd1 18. Rxd1 Qa6 19. Kg1 Nc6 20. Qb3 Qxa3 21.
h4 Qxb3 22. axb3 Na3 23. h5 h6 24. Bd2 Nb5 25. Rh4 O-O 26. Rg4 Kh7 27. Be1 Rfc8
28. Rd3 Ne7 29. Bd2 Rc2 30. Bb4 Nc6 31. Bd2 Ne7 32. Bb4 R8c7 33. Nh4 Nc3 34. Bd6
Rd7 35. Bb4 Rc7 36. Bd6 Rd7 37. Bb4 Ne4 38. Rf4 Nc6 39. Ba3 Ra2 40. b4 a6 41. f3
Ng3 42. Rg4 Nxh5 43. b5 axb5 44. Bc5 g5 45. f4 Nxf4 46. Re3 Ne7 47. Nf3 Nf5 48.
Rb3 Kg6 49. Kh2 Kh5 50. Rxf4 gxf4 51. Ne1 Ne3 52. Kh3 Kg5 53. g3 Nf5 54. Nf3+
Kg6 55. gxf4 Rf2 56. Bb6 Re7 57. Ba5 Re8 58. Be1 Re2 59. Rxb5 Ra8 60. Ba5 b6 61.
Bb4 Re3 0-1

[Event "3rd Cairns Cup 2023"]
[Site "Saint Louis USA"]
[Date "2023.06.07"]
[Round "5.2"]
[White "Abdumalik, Zhansaya"]
[Black "Kosteniuk, Alexandra"]
[Result "1/2-1/2"]
[WhiteTitle "GM"]
[BlackTitle "GM"]
[WhiteElo "2497"]
[BlackElo "2523"]
[WhiteFideId "13703544"]
[BlackFideId "4128125"]
[EventDate "2023.06.03"]

1. e4 e5 2. Nf3 Nc6 3. Nc3 Nf6 4. d4 exd4 5. Nxd4 Bb4 6. Nxc6 bxc6 7. Bd3 O-O 8.
O-O d5 9. Bd2 Bxc3 10. Bxc3 dxe4 11. Bxf6 Qxf6 12. Bxe4 Qxb2 13. Bxc6 Rb8 14.
Rb1 Qxb1 15. Qxb1 Rxb1 16. Rxb1 Rd8 17. Bf3 Kf8 18. Rb8 Re8 19. h3 Ba6 20. Rb3
Be2 21. Rb7 Bxf3 22. gxf3 Re5 23. Rxa7 Rc5 24. a4 Rxc2 25. a5 Ra2 26. Rxc7 Rxa5
27. Kg2 Rg5+ 28. Kh2 Rf5 29. Kg2 Rg5+ 30. Kh2 Rf5 31. Kg2 Rg5+ 1/2-1/2

[Event "3rd Cairns Cup 2023"]
[Site "Saint Louis USA"]
[Date "2023.06.07"]
[Round "5.3"]
[White "Dzagnidze, Nana"]
[Black "Khotenashvili, Bella"]
[Result "0-1"]
[WhiteTitle "GM"]
[BlackTitle "GM"]
[WhiteElo "2510"]
[BlackElo "2470"]
[WhiteFideId "13601903"]
[BlackFideId "13602640"]
[EventDate "2023.06.03"]

1. Nf3 Nf6 2. c4 g6 3. b3 Bg7 4. Bb2 c5 5. g3 b6 6. Bg2 Bb7 7. O-O O-O 8. d4
cxd4 9. Qxd4 Na6 10. Nc3 Ne4 11. Qe3 Nxc3 12. Bxc3 Bxc3 13. Qxc3 Qc7 14. Qe3 Qc5
15. Qh6 Bxf3 16. Bxf3 Rab8 17. Rad1 d6 18. Rd5 Qa3 19. Qd2 Rfc8 20. h4 Rc5 21.
h5 Rxd5 22. Bxd5 e6 23. hxg6 hxg6 24. Kg2 exd5 25. Qd4 Re8 26. Qf6 Re5 27. g4
Kf8 28. Rh1 Ke8 29. cxd5 Re7 30. Qh8+ Kd7 31. Qa8 Nc7 32. Qc6+ Kd8 33. Rc1 Rd7
34. Rc3 Qa5 35. Rd3 Qc5 36. Qb7 Re7 37. e3 b5 38. Qb8+ Kd7 39. Rd4 Re8 40. Qb7
Qb6 41. Qxb6 axb6 42. e4 Ra8 43. Rd2 Na6 44. Rd4 Nc5 45. b4 Na4 0-1

[Event "3rd Cairns Cup 2023"]
[Site "Saint Louis USA"]
[Date "2023.06.07"]
[Round "5.4"]
[White "Zatonskih, Anna"]
[Black "Dronavalli, Harika"]
[Result "1/2-1/2"]
[WhiteTitle "IM"]
[BlackTitle "GM"]
[WhiteElo "2327"]
[BlackElo "2510"]
[WhiteFideId "14101572"]
[BlackFideId "5015197"]
[EventDate "2023.06.03"]

1. d4 d5 2. c4 e6 3. Nc3 Nf6 4. Bg5 Be7 5. e3 h6 6. Bh4 c6 7. Nf3 Nbd7 8. cxd5
Nxd5 9. Bxe7 Qxe7 10. Nxd5 exd5 11. Bd3 O-O 12. O-O Re8 13. Qc2 Nf6 14. Rab1 a5
15. Rfe1 a4 16. a3 Qd6 17. Rbc1 Be6 18. Qc5 Qb8 19. Ne5 Nd7 20. Nxd7 Bxd7 21. f3
Qd8 22. Qb4 Qa5 23. Qxa5 Rxa5 24. Kf2 Kf8 25. Rc3 Ke7 26. e4 dxe4 27. fxe4 Be6
28. Bc4 Kd6 29. Ke3 f6 30. Bxe6 Rxe6 31. Re2 Rb5 32. Kd3 Re8 33. Rc4 Ra8 34. Kc2
Ra6 35. Rf2 Ke6 36. Re2 Rb3 37. Kc1 Ra5 38. Kc2 Ra6 39. Kc1 Ra5 40. Kc2 h5 41.
Kc1 Kd6 42. e5+ Kd7 43. exf6 gxf6 44. d5 cxd5 45. Rh4 Rc5+ 46. Rc2 Rxc2+ 47.
Kxc2 Re3 48. Kd2 Rb3 49. Kc2 Re3 50. Kd2 Rb3 51. Kc2 Re3 1/2-1/2

[Event "3rd Cairns Cup 2023"]
[Site "Saint Louis USA"]
[Date "2023.06.09"]
[Round "6.1"]
[White "Dronavalli, Harika"]
[Black "Abdumalik, Zhansaya"]
[Result "1/2-1/2"]
[WhiteTitle "GM"]
[BlackTitle "GM"]
[WhiteElo "2510"]
[BlackElo "2497"]
[WhiteFideId "5015197"]
[BlackFideId "13703544"]
[EventDate "2023.06.03"]

1. d4 Nf6 2. c4 e6 3. Nf3 d5 4. Nc3 c5 5. cxd5 Nxd5 6. e4 Nxc3 7. bxc3 cxd4 8.
cxd4 Bb4+ 9. Bd2 Bxd2+ 10. Qxd2 O-O 11. h4 Nc6 12. Rd1 Qa5 13. Qxa5 Nxa5 14. Rc1
b6 15. Bd3 Bb7 16. Kd2 Nc6 17. Rc3 Rfd8 18. Ke3 Nb4 19. Bc4 h6 20. Rhc1 b5 21.
a3 a5 22. Bb3 Na6 23. Ne5 a4 24. Bd1 Rd6 25. Be2 b4 26. axb4 Nxb4 27. Rc4 Rb6
28. Nd7 Rc6 29. Nc5 Rb6 30. Nd7 Rc6 31. Nc5 Rb6 32. Nd7 Rc6 33. Nc5 1/2-1/2